000 003480000a22001570004500
005 20120302055209.0
942 _cBOOK
100 _a Suru,Na.Go.
245 _a Praachina Saahityaachyaa Nandanvanaata
260 _aPune:Vhinas,1975.
300 _a63p.
040 _aMAR
365 _b10/-
650 _aSaahitya
650 _aPraachina Saahitya
999 _c347752
_d347749